La ciutat de Lleida / (Record no. 95393)

MARC details
000 -LEADER
campo de control de longitud fija 00621nam a2200205 i 4500
001 - NÚMERO DE CONTROL
campo de control 95393
003 - IDENTIFICADOR DE NÚMERO DE CONTROL
campo de control ES-MaACL
005 - FECHA Y HORA DE LA ÚLTIMA TRANSACCIÓN
campo de control 20250822063141.0
007 - CAMPO FIJO DE DESCRIPCIÓN FÍSICA--INFORMACIÓN GENERAL
campo de control de longitud fija t|
008 - DATOS DE LONGITUD FIJA--INFORMACIÓN GENERAL
campo de control de longitud fija 050527m19551956sp ||||1| cat d
100 1# - ENTRADA PRINCIPAL--NOMBRE DE PERSONA
Nombre de persona Lladonosa i Pujol, Josep,
Fechas asociadas al nombre 1907-1990
9 (RLIN) 72657
245 13 - MENCIÓN DEL TÍTULO
Título La ciutat de Lleida /
Mención de responsabilidad, etc. Josep Lladonosa.
260 ## - PUBLICACIÓN, DISTRIBUCIÓN, ETC.
Lugar de publicación, distribución, etc. Barcelona :
Nombre del editor, distribuidor, etc. Barcino,
Fecha de publicación, distribución, etc. 1955-56.
300 ## - DESCRIPCIÓN FÍSICA
Extensión 2 v., 61 lám. :
Otras características físicas 1 gráf. pleg. ;
Dimensiones 19 cm.
490 1# - MENCIÓN DE SERIE
Mención de serie Enciclopedia Catalunya
651 #4 - PUNTO DE ACCESO ADICIONAL DE MATERIA--NOMBRE GEOGRÁFICO
Nombre geográfico Lérida-
Subdivisión general Historia.
9 (RLIN) 168306
830 0# - PUNTO DE ACCESO ADICIONAL DE SERIE-TÍTULO UNIFORME
Título uniforme Enciclopedia Catalunya
9 (RLIN) 184362
852 ## - LOCALIZACIÓN
Ubicación ES-MaACL
Número de control de estantería P-861
Holdings
Estatus retirado Estado de pérdida Estado de daño No para préstamo Biblioteca de origen Biblioteca actual Ubicación en estantería Fecha de adquisición Fuente de adquisición Total de préstamos Signatura topográfica completa Código de barras Visto por última vez Precio de reemplazo Tipo de ítem Koha
        Biblioteca del Ateneo de Madrid Biblioteca del Ateneo de Madrid Depósito 2 17/01/2008     P-861 1099609 23/02/2023 23/02/2023 Libro impreso